000 00768nam a2200217 i 4500
001 26902
003 ES-MaACL
005 20230906153524.0
007 t|
008 030113s1966 sp ||||1| cat d
245 0 2 _aL'ateisme temptació del món
_b: desvetllament dels cristians /
_cMonsenyor Vevillot... [et al.] i els participants de les "Jornades d'Estudis" de les Informations Catholiques Internationales ; [versió... Maria Planas].
250 _a1ª ed.
260 _aBarcelona :
_bNova Terra,
_c[1966]
300 _a219 p. ;
_c20 cm.
490 1 _aL'home nou ;
_v14
700 1 _aMonsenyor Vevillot.
_982294
700 1 _aPlanas, Maria.
_992524
830 0 _aL'home nou ;
_v14
_9181581
852 _aES-MaACL
_jC-29806
_bR.60311
999 _c26902
_d26902